000
002720000a22000970004500
100
1
_a
Prieto, Jaime
245
1
0
_a
Vocación y misión de Irene Foulkes en América Latina
300
_a
Vol. 21, Num. 1 (Mayo, 2001), Páginas 9-30
773
0
_t
Vida y pensamiento
942
_c
ANA
999
_c
53145
_d
53145